| 000 | 00815nam a2200265 4500 | ||
|---|---|---|---|
| 003 | OSt | ||
| 005 | 20260601193852.0 | ||
| 008 | 260506b1990 enka|||| |||| 00| 0 eng d | ||
| 020 | _a0877017816 | ||
| 020 | _a0877017913 (rústica) | ||
| 040 |
_aICI _bspa _cICI |
||
| 050 | 4 |
_aNK844 _bS38 1990 |
|
| 100 | 1 | _aSayer, Chloë, | |
| 245 | 1 |
_aArts and crafts of Mexico / _cChloë Sayer ; special photography by David Lavender |
|
| 264 |
_bChronicle, _cc1990 _a San Francisco : |
||
| 300 |
_a160 páginas _c25cm. |
||
| 336 |
_atexto _2rdacontent |
||
| 337 |
_asin medio _2rdamedia |
||
| 338 |
_avolumen _2rdacarrier |
||
| 650 | 4 |
_aArtes decorativas _zMéxico _93532 |
|
| 650 | 4 |
_aArte popular _zMéxico _9882 |
|
| 650 | 4 |
_aArtesanías _zMéxico _93976 |
|
| 700 | 1 |
_aLavender, David, _eilustrador _932428 |
|
| 942 |
_2lcc _cB |
||
| 999 |
_c21881 _d21881 |
||